Szczegóły MARC21

Główne problemy wiedzy o literaturze /

003 -Nazwa inst., której nr kontr. jest w polu 001 [,]
    • @
    • Nazwa instytucji, której n kontrolny jest w polu 001
    • NUKAT
005 -DATA I CZAS OSTATNIEJ MODYFIKACJI [,]
    • @
    • pole kontrolne
    • 20241231113213.0
020 -Międzynarod. znormalizowany nr książki - ISBN [ , ]
    • a
    • Numer ISBN
    • 830800069X Find
040 -Instytucja sporządzająca opis [ , ]
    • a
    • Instytucja, która sporządziła opis (NP)
    • TOR U/lf
    • b
    • Język katalogowania
    • pol
    • e
    • Zasady katalogowania
    • rda
    • c
    • Instytucja, która sporządziła rekord (NP)
    • TOR U/lf
    • d
    • Instytucja, która zmodyfikowała rekord (P)
    • TOR U/LF
    • d
    • Instytucja, która zmodyfikowała rekord (P)
    • LUBL U/ILs
    • d
    • Instytucja, która zmodyfikowała rekord (P)
    • WR O/KS
    • d
    • Instytucja, która zmodyfikowała rekord (P)
    • WR O/ZW
    • d
    • Instytucja, która zmodyfikowała rekord (P)
    • KAT U/41BM
942 -Rodzaj dokumentu [ , ]
    • c
    • Rodzaj dokumentu
    • Książka
100 -Hasło główne - nazwa osobowa [1, ]
    • a
    • Nazwa osobowa (NP)
    • Markiewicz, Henryk
    • d
    • Daty biograficzne (NP)
    • (1922-2013).
    • e
    • Rodzaj współpracy
    • Autor
    • 9
    • KHW
    • 69172
240 -Tytuł ujednolicony [1,0]
    • a
    • Tytuł ujednolicony
    • Główne problemy wiedzy o literaturze
    • l
    • Język tekstu
    • (pol.)
    • 9
    • KHW
    • 501098
245 -Strefa tytułu i oznaczenia odpowiedzialności [1,0]
    • a
    • Tytuł
    • Główne problemy wiedzy o literaturze / Find
    • c
    • Pozostałe elementy strefy tytułu i oznaczenia odpowiedzialności (NP)
    • Henryk Markiewicz.
250 -Strefa wydania [ , ]
    • a
    • Oznaczenie wydania (NP)
    • Wydanie piate, przejrzane i uzupełnione.
260 -Strefa adresu wydawniczego [ , ]
    • a
    • Miejsce wydania (P)
    • Kraków :
    • b
    • Nazwa wydawcy (P)
    • Wydawnictwo Literackie,
    • c
    • Data wydania (P)
    • 1980.
300 -Strefa opisu fizycznego [ , ]
    • a
    • Określenie formy książki i/lub objętość (NP)
    • 406, [2] strony ;
    • c
    • Format (NP)
    • 22 cm.
336 -Typ zawartości [ , ]
    • a
    • Termin opisujący typ zawartości
    • Tekst
    • b
    • Kod określający zawartość
    • txt
    • 2
    • Źródło (terminu i kodu)
    • rdacontent
337 -Typ mediów [ , ]
    • a
    • Tryb odtwarzania
    • Bez urządzenia pośredniczącego
    • b
    • Kod typu mediów
    • n
    • 2
    • Źródło (terminu i kodu)
    • rdamedia
338 -Typ/rodzaj nośnika [ , ]
    • a
    • Hasło opisujące typ nośnika
    • Wolumin
    • b
    • Kod typu nośnika
    • nc
    • 2
    • Źródło (terminu i kodu)
    • rdacarrier
490 -Strefa serii i książki wielotomowej - forma nie do wyszukiwania [1, ]
    • a
    • Tytuł (P)
    • Z Prac Instytutu Badań Literackich PAN Find
830 -Hasło dodatkowe serii i opisu książki wielotomowej - tytuł ujednolicony/tytuł [ ,0]
    • a
    • Tytuł ujednolicony/tytuł (NP)
    • Z Prac Instytutu Badań Literackich PAN
    • 9
    • KHW
    • 22727
504 -Uwaga dot. bibliogr. załącznikowej [ , ]
    • a
    • Uwaga dot. bibliografii załącznikowej
    • Indeks.
080 -Uniwersalna Klasyfikacja Dziesiętna [ , ]
    • a
    • Symbol klasyfikacji
    • 82.01
650 -Hasło przedmiotowe [ ,7]
    • a
    • Hasło przedmiotowe
    • Teoria literatury.
    • 2
    • Źródło terminu
    • kaba
    • 9
    • KHW
    • 117059
980 -Symbol UKD [ , ]
    • a
    • UKD
    • 82.01
710 -Hasło dodatkowe - nazwa ciała zbiorowego [2, ]
    • a
    • Nazwa ciała zbiorowego lub nazwa geograficzna jako pierwszy element (NP)
    • Wydawnictwo Literackie.
    • e
    • Rodzaj współpracy
    • Wydawca
    • 4
    • Kod relacji
    • pbl
    • 9
    • KHW
    • 53605
920 -ISBN [ , ]
    • a
    • ISBN
    • 83-08-00069-X Find
Data inwentaryzacji Lokalizacja Numer inwentarzowy Sygnatura Status udost.
1999-04-08BGZ.42815Z.428151
1999-04-08BGW.94628 -5
1999-04-08BGW.94629W.94628-5
1999-04-08BGW.94630W.94628-5
1999-04-08BGW.94631W.94628-5
1999-04-08BGW.94632W.94628-5
1999-04-08BGW.94633W.94628-5
1999-04-08BGW.96688W.946282
1999-04-08BGW.96689W.946282
1999-04-08BMP.9345 1
1999-04-08BMP.2761POL. Teoria literatury 011